Statistical decision theory with business and economic applications (Record no. 30448)

MARC details
000 -LEADER
fixed length control field 00368nam a2200133Ia 4500
082 ## - DEWEY DECIMAL CLASSIFICATION NUMBER
Classification number 031
Item number KWO;1
100 ## - MAIN ENTRY--AUTHOR NAME
Personal name Kwon, Ik-Whan
245 #0 - TITLE STATEMENT
Title Statistical decision theory with business and economic applications
260 ## - PUBLICATION, DISTRIBUTION, ETC. (IMPRINT)
Place of publication New York
Name of publisher Petrocelli
Year of publication 1978
650 ## - SUBJECT ADDED ENTRY--TOPICAL TERM
Topical Term Distribution
650 ## - SUBJECT ADDED ENTRY--TOPICAL TERM
Topical Term Probability
942 ## - ADDED ENTRY ELEMENTS (KOHA)
Koha item type Books
Holdings
Withdrawn status Lost status Damaged status Not for loan Home library Current library Date acquired Cost, normal purchase price Full call number Accession Number Koha item type
        RRII Library RRII Library 16/12/2021 17.95 031 KWO;1 11020 Books